La Dette publique extérieure de la Bulgarie : (1879-1932) / par Théodore St. Kosaroff ; avec préface de Léo Pasvolsky (1879-1932) / par Théodore St. Kosaroff ; avec préface de Léo Pasvolsky
Descripción Física:
X, 338 p. ; 25 cm
Otros Autores:
Pasvolsky, Léo, pr
Materias:
Deute exterior -- Bulgària
MARC
| LEADER | 00000nam a2200000Ia 4500 | ||
|---|---|---|---|
| 001 | 820 | ||
| 008 | 160829s1933 xx 000 0 cat d | ||
| 080 | |a M-3-72 | ||
| 100 | |a Kosaroff, Théodore St. |9 37916 | ||
| 245 | |a La Dette publique extérieure de la Bulgarie : |b (1879-1932) / par Théodore St. Kosaroff ; avec préface de Léo Pasvolsky | ||
| 250 | |a 2a ed. | ||
| 260 | |a Paris : |b Libraririe du Recueil Sirey, |c 1933 | ||
| 300 | |a X, 338 p. ; |c 25 cm | ||
| 650 | |a Deute exterior |x Bulgària |9 37917 | ||
| 700 | |a Pasvolsky, Léo, pr. |9 37918 | ||
| 901 | |a Arxiu | ||
| 942 | |n 1 | ||
| 952 | |0 0 |1 0 |4 0 |6 M372 |7 1 |9 48153 |a Arxiu |b Arxiu |d 2016-12-01 |l 0 |o M-3-72 |p 820 |r 2016-12-01 00:00:00 |w 2016-12-01 |y ARXIU | ||
| 999 | |c 51956 |d 51956 | ||